[Event "27e Open International Avoine"]
[Site "Espace culturel d'Avoine-37420"]
[Date "2012.07.27"]
[Round "7.20"]
[White "Frick, Christoph"]
[Black "Suez-Panama, Gilles"]
[Result "1-0"]
[WhiteElo "2258"]
[BlackElo "2019"]
[PlyCount "55"]
[EventDate "2012.??.??"]

1. g3 Nf6 2. Bg2 g6 3. e4 d6 4. Nc3 Bg7 5. d3 c6 6. f4 O-O 7. Nf3 Qc7 8. O-O b5
9. h3 b4 10. Ne2 Bb7 11. g4 Nbd7 12. Qe1 Qb6+ 13. Kh2 e5 14. f5 Rfe8 15. Qh4 d5
16. Ng3 dxe4 17. dxe4 c5 18. g5 Nxe4 19. Nxe4 gxf5 20. Nf6+ Nxf6 21. gxf6 Qxf6
22. Ng5 Re7 23. Qxh7+ Kf8 24. Bxb7 Rxb7 25. Rxf5 Qe7 26. Rxf7+ Qxf7 27. Nxf7
Rxf7 28. Bh6 1-0

[Event "27e Open International Avoine"]
[Site "Espace culturel d'Avoine-37420"]
[Date "2012.07.27"]
[Round "7.21"]
[White "Mostertman, Milan"]
[Black "Le Masle, Raphael"]
[Result "0-1"]
[WhiteElo "2248"]
[BlackElo "2007"]
[PlyCount "76"]
[EventDate "2012.??.??"]

1. e4 c6 2. d4 d5 3. e5 Bf5 4. Nf3 e6 5. Be2 Nd7 6. Nbd2 h6 7. O-O Ne7 8. c4
dxc4 9. Nxc4 Nd5 10. Bd3 Bxd3 11. Qxd3 Be7 12. Nfd2 b5 13. Ne3 Nxe3 14. Qxe3
O-O 15. Ne4 c5 16. dxc5 Qc7 17. b4 a5 18. Bd2 axb4 19. Bxb4 Nxe5 20. Qg3 Ra4
21. a3 Qb8 22. Nc3 Ra6 23. Rfe1 Nd7 24. Nd5 Bxc5 25. Nc7 Bxb4 26. Red1 Rxa3 27.
Rxa3 Bxa3 28. Rxd7 Bb2 29. Qb3 Be5 30. Nxb5 Bxh2+ 31. Kh1 Be5 32. Qd3 Bf6 33.
Nd6 Qa8 34. f4 Qa1+ 35. Kh2 Qd4 36. Qg3 Qc3 37. Qg4 Qc6 38. Ne4 Qxe4 0-1

[Event "27e Open International Avoine"]
[Site "Espace culturel d'Avoine-37420"]
[Date "2012.07.27"]
[Round "7.22"]
[White "Bouget, Alexandre"]
[Black "Yche, Michel"]
[Result "1-0"]
[WhiteElo "2202"]
[BlackElo "1949"]
[PlyCount "191"]
[EventDate "2012.??.??"]

1. d4 Nf6 2. c4 e5 3. dxe5 Ng4 4. e3 d6 5. exd6 Bxd6 6. Nf3 Nc6 7. Be2 O-O 8.
Bd2 Nce5 9. Bc3 Nxf3+ 10. Bxf3 Qh4 11. Bxg4 Qxg4 12. Qxg4 Bxg4 13. Nd2 Rfe8 14.
h3 Bh5 15. O-O f5 16. Rfe1 Bf7 17. b3 a5 18. Nf3 a4 19. Nd4 Be5 20. Nb5 c6 21.
Nd4 g6 22. Red1 f4 23. exf4 Bg7 24. Rac1 Re4 25. Nf3 Bxc3 26. Rxc3 axb3 27.
axb3 Rxf4 28. Rd7 b5 29. cxb5 cxb5 30. Ng5 Be8 31. Re7 h6 32. Ne6 Rf7 33. Rcc7
Rxe7 34. Rxe7 Bf7 35. Nd4 Ra1+ 36. Kh2 Rd1 37. Nxb5 Bxb3 38. Nc3 Rd2 39. Ne4
Rc2 40. Nf6+ Kf8 41. Rb7 Bf7 42. Kg3 Rc3+ 43. f3 Rc2 44. Ng4 h5 45. Ne5 Be8 46.
h4 Ra2 47. Nd3 Rd2 48. Nc5 Rd6 49. Kf4 Rf6+ 50. Ke5 Rf5+ 51. Kd6 Bf7 52. Nd7+
Kg8 53. Ne5 Rf6+ 54. Kc5 Be8 55. Rb8 Rf8 56. Kd6 Kg7 57. Nd7 Rg8 58. g4 hxg4
59. fxg4 Bf7 60. Rb7 Re8 61. Nc5 Rd8+ 62. Nd7 Re8 63. Rc7 Re6+ 64. Kd5 Ra6+ 65.
Kc5 Re6 66. Kd4 Re7 67. g5 Be8 68. Nc5 Rxc7 69. Ne6+ Kf7 70. Nxc7 Ba4 71. Ke5
Bc2 72. Nb5 Ke7 73. Nd4 Bb1 74. Ne6 Bc2 75. Nf4 Bb1 76. Nd5+ Kf7 77. Kd6 Bc2
78. Ne3 Bb1 79. Ng4 Bc2 80. Ne5+ Kg7 81. Ke7 Bb1 82. Nf3 Bc2 83. Nd4 Bb1 84.
Ne6+ Kg8 85. Kf6 Bc2 86. Nf4 Kh7 87. Kf7 Bb3+ 88. Ne6 Bc2 89. Kf6 Bb1 90. Nf8+
Kg8 91. Nxg6 Bc2 92. Ne7+ Kh8 93. g6 Bb3 94. h5 Ba2 95. Kg5 Bb3 96. Kh6 1-0

[Event "27e Open International Avoine"]
[Site "Espace culturel d'Avoine-37420"]
[Date "2012.07.27"]
[Round "7.24"]
[White "Duboue, Peio"]
[Black "Mattheys, Eddy"]
[Result "1-0"]
[WhiteElo "2189"]
[BlackElo "1940"]
[PlyCount "51"]
[EventDate "2012.??.??"]

1. e4 e6 2. d4 d5 3. Nc3 Nf6 4. exd5 exd5 5. Bf4 Bd6 6. Qd2 O-O 7. O-O-O c6 8.
Bd3 b5 9. f3 a5 10. Nce2 b4 11. g4 Ba6 12. g5 Nh5 13. Bxd6 Qxd6 14. Bf5 g6 15.
Bg4 Ng7 16. h4 Nd7 17. h5 Ne6 18. Bxe6 Qxe6 19. Nf4 Qf5 20. Qh2 gxh5 21. Qg3 a4
22. b3 Bb5 23. Kd2 axb3 24. axb3 Ra2 25. Rc1 Re8 26. Rxh5 1-0

[Event "27e Open International Avoine"]
[Site "Espace culturel d'Avoine-37420"]
[Date "2012.07.27"]
[Round "7.25"]
[White "Goettelmann, Guillaume"]
[Black "Mevel, Alberic"]
[Result "0-1"]
[WhiteElo "2007"]
[BlackElo "2188"]
[PlyCount "90"]
[EventDate "2012.??.??"]

1. d4 Nf6 2. Nf3 g6 3. c4 Bg7 4. Nc3 d5 5. cxd5 Nxd5 6. e4 Nxc3 7. bxc3 O-O 8.
Rb1 c5 9. Be2 cxd4 10. cxd4 Qa5+ 11. Bd2 Qxa2 12. O-O b6 13. Qc1 Qe6 14. e5 Bb7
15. Qa3 Bd5 16. Rfc1 Nc6 17. Qa4 h6 18. Ne1 Qd7 19. Bb5 Rfc8 20. Nd3 a6 21.
Bxa6 Rd8 22. Nf4 Nxd4 23. Qxd7 Rxd7 24. Rc8+ Rxc8 25. Bxc8 Rd8 26. Nxd5 Rxd5
27. Be3 Bxe5 28. Rxb6 Nc2 29. Rb1 Nxe3 30. fxe3 Rd2 31. Bg4 h5 32. Rd1 Rb2 33.
Bf3 Bc7 34. Re1 Bb6 35. Kf1 Kg7 36. Re2 Rb1+ 37. Kf2 Rb3 38. Bd5 Rd3 39. Bc4
Rc3 40. Ba2 f5 41. Kf3 g5 42. g3 g4+ 43. Kf2 e5 44. Bd5 f4 45. gxf4 exf4 0-1

[Event "27e Open International Avoine"]
[Site "Espace culturel d'Avoine-37420"]
[Date "2012.07.27"]
[Round "7.26"]
[White "Auroy, Didier"]
[Black "Purenne, Benoit"]
[Result "0-1"]
[WhiteElo "1989"]
[BlackElo "2167"]
[PlyCount "119"]
[EventDate "2012.??.??"]

1. d4 Nf6 2. c4 e6 3. Nf3 d5 4. Nc3 Nbd7 5. Bg5 Be7 6. e3 O-O 7. cxd5 exd5 8.
Bd3 c6 9. Qc2 Re8 10. g4 Nf8 11. Bxf6 Bxf6 12. g5 Bxg5 13. h4 Bf6 14. Bf5 Bxf5
15. Qxf5 Qd7 16. Qf4 Ne6 17. Qf5 Nc5 18. Qxd7 Nxd7 19. O-O-O h5 20. Rh3 g6 21.
Rg1 Kh7 22. Ne2 Nf8 23. Nf4 Ne6 24. Nd3 Ng7 25. Ng5+ Bxg5 26. hxg5 Nf5 27. Ne5
Kg7 28. Nd7 Re7 29. Nf6 Nd6 30. Rgh1 Ne4 31. Nxe4 dxe4 32. f4 exf3 33. Rxf3 Rd8
34. Rh4 Rd5 35. Rg3 Rf5 36. Kc2 Rf2+ 37. Kc3 Re2 38. Rhh3 f5 39. gxf6+ Kxf6 40.
Kd3 Rxb2 41. e4 Rxa2 42. e5+ Kg7 43. Ke4 Kh6 44. Rd3 Re2+ 45. Kf3 Re1 46. Kf2
Rc1 47. Rhe3 Kg7 48. Rd2 Rc4 49. Kf3 a5 50. Ke4 a4 51. Kd3 b5 52. Rf2 Rb4 53.
Re4 Rb3+ 54. Kc2 Rg3 55. Rf6 b4 56. Rxc6 Rg2+ 57. Kd3 b3 58. d5 b2 59. Re1 a3
60. Ra6 0-1

[Event "27e Open International Avoine"]
[Site "Espace culturel d'Avoine-37420"]
[Date "2012.07.27"]
[Round "7.27"]
[White "Gesing, Oliver"]
[Black "Hartmann, Dominique"]
[Result "1-0"]
[WhiteElo "2165"]
[BlackElo "1910"]
[PlyCount "135"]
[EventDate "2012.??.??"]

1. f4 d5 2. Nf3 Nf6 3. b3 g6 4. Bb2 Bg7 5. g3 O-O 6. Bg2 c5 7. O-O Nc6 8. e3 b6
9. Qe1 Nb4 10. Na3 Ba6 11. d3 Bxd3 12. cxd3 Nxd3 13. Qe2 Nxb2 14. Ne5 Na4 15.
bxa4 e6 16. Rfd1 Qe7 17. Rac1 Rac8 18. Nb5 Rfd8 19. Nc3 Nd7 20. Nxd7 Rxd7 21.
Qf3 f5 22. Bf1 Rcd8 23. Kh1 Bf6 24. Ne2 Qg7 25. Ng1 Kh8 26. Bb5 Rc7 27. Qe2 e5
28. fxe5 Bxe5 29. Nf3 Bf6 30. Rd2 Re7 31. Qd1 Rxe3 32. Rxd5 Rxd5 33. Qxd5 Qg8
34. Qc6 Qe6 35. Qxe6 Rxe6 36. Rd1 Re7 37. Kg2 Kg7 38. Kf2 g5 39. Rd7 Kf7 40.
Bc4+ Kg7 41. Rxe7+ Bxe7 42. Ne5 Bf6 43. Nc6 a5 44. Bd3 f4 45. gxf4 gxf4 46. Kf3
Bg5 47. Kg4 h6 48. h4 Bf6 49. Be2 Kf7 50. h5 Ke6 51. Kxf4 Kd5 52. Bf3+ Kc4 53.
Ke4 Kc3 54. Kd5 Kb2 55. Kc4 Kxa2 56. Bd1 Kb2 57. Na7 Kc1 58. Be2 Kd2 59. Bg4
Ke3 60. Be6 Kf4 61. Nc8 Ke5 62. Bg8 Bd8 63. Kb5 Kd4 64. Nxb6 Bxb6 65. Kxb6 c4
66. Kxa5 c3 67. Bh7 Kc5 68. Bc2 1-0

[Event "27e Open International Avoine"]
[Site "Espace culturel d'Avoine-37420"]
[Date "2012.07.27"]
[Round "7.28"]
[White "Mauffrey, Hugues"]
[Black "Cau, Benjamin"]
[Result "1/2-1/2"]
[WhiteElo "1906"]
[BlackElo "2158"]
[PlyCount "92"]
[EventDate "2012.??.??"]

1. e4 d6 2. d4 Nf6 3. Nc3 g6 4. f4 Bg7 5. Nf3 Nbd7 6. Bc4 O-O 7. e5 Ng4 8. h3
Nh6 9. Be3 c5 10. g4 a6 11. Qd2 cxd4 12. Bxd4 Qc7 13. Bb3 dxe5 14. fxe5 Nxe5
15. Nxe5 Bxe5 16. O-O-O Bxd4 17. Qxd4 Be6 18. Qe3 Bxb3 19. axb3 Kg7 20. Nd5 Qa5
21. Qe5+ f6 22. Qxe7+ Rf7 23. Qa3 Qb5 24. Rhe1 Ng8 25. c4 Qc6 26. Nf4 Re8 27.
Rf1 Re4 28. Qd6 Qxd6 29. Rxd6 f5 30. Ne6+ Kh6 31. gxf5 Re5 32. Nd4 Kh5 33. Rg1
Ne7 34. fxg6 hxg6 35. Rd7 Rf4 36. Rg4 Rxg4 37. hxg4+ Kxg4 38. Rxb7 g5 39. Kd2
Kf4 40. c5 g4 41. c6 g3 42. Ne2+ Kf3 43. Nxg3 Kxg3 44. Rb6 a5 45. c7 Rc5 46. b4
axb4 1/2-1/2

[Event "27e Open International Avoine"]
[Site "Espace culturel d'Avoine-37420"]
[Date "2012.07.27"]
[Round "7.30"]
[White "Le Goff, Ronan"]
[Black "Imperor, Lorene"]
[Result "0-1"]
[WhiteElo "2124"]
[BlackElo "1743"]
[PlyCount "140"]
[EventDate "2012.??.??"]

1. d4 d5 2. Nf3 Nf6 3. g3 g6 4. Bg2 Bg7 5. O-O O-O 6. c4 c6 7. Nc3 e6 8. Qc2
Nbd7 9. b3 Re8 10. Bb2 b6 11. Rad1 Bb7 12. b4 Rc8 13. c5 a5 14. a3 Ng4 15. h3
Nh6 16. e4 f6 17. Qb3 Rb8 18. Qc2 Nf7 19. Rfe1 Qc7 20. Bc1 g5 21. h4 h6 22.
hxg5 hxg5 23. Bh3 axb4 24. axb4 bxc5 25. bxc5 Nh6 26. Nh2 Nf8 27. Qd3 Qf7 28.
Bg2 Qg6 29. Qe2 Ra8 30. Be3 Ba6 31. Qd2 Bc4 32. Ra1 Nh7 33. Na4 dxe4 34. Qc2
Bd5 35. f3 f5 36. fxe4 fxe4 37. Nb6 Rxa1 38. Rxa1 Nf5 39. Qf2 Qf7 40. Rd1 Rf8
41. Rd2 Qc7 42. Qe1 Qxg3 43. Qxg3 Nxg3 44. Nf1 Nxf1 45. Bxf1 Rf3 46. Nc4 Bxc4
47. Bxc4 Rxe3 48. Bxe6+ Kf8 49. d5 cxd5 50. c6 Rc3 51. Bxd5 e3 52. Ra2 Bd4 53.
Kf1 Nf6 54. Bg2 Nh5 55. Bf3 Rc1+ 56. Kg2 Nf4+ 57. Kh2 Nd3 58. Ra8+ Ke7 59. Rg8
Rc2+ 60. Kh3 Nf4+ 61. Kg4 Ne6 62. Rb8 e2 63. Rb1 Bf2 64. Rb7+ Kd8 65. Rb8+ Kc7
66. Rb7+ Kc8 67. Bxe2 Rxe2 68. Re7 Bc5 69. Re8+ Kc7 70. Kg3 Kxc6 0-1

[Event "27e Open International Avoine"]
[Site "Espace culturel d'Avoine-37420"]
[Date "2012.07.27"]
[Round "7.31"]
[White "Piron, Jean-Marie"]
[Black "Maleki, Nicolas"]
[Result "1-0"]
[WhiteElo "1810"]
[BlackElo "2117"]
[PlyCount "77"]
[EventDate "2012.??.??"]

1. b4 d5 2. Bb2 Nf6 3. e3 Bf5 4. Nf3 e6 5. b5 Be7 6. Be2 h6 7. a4 O-O 8. O-O c5
9. d3 Nbd7 10. Nbd2 Qc7 11. c4 Bh7 12. cxd5 Nxd5 13. Nc4 Bf6 14. Bxf6 N7xf6 15.
Qb3 Rfd8 16. Rac1 Rac8 17. Nce5 Qd6 18. a5 Nb4 19. Nc4 Qe7 20. e4 Qd7 21. Rfd1
Qxb5 22. e5 Ne8 23. d4 Qc6 24. Ne3 b6 25. dxc5 Rxd1+ 26. Qxd1 bxc5 27. Nd4 Qe4
28. Nb5 Nd5 29. Nxd5 exd5 30. Nxa7 Rc7 31. Nb5 Rc8 32. Bf3 Qxe5 33. Bxd5 Nc7
34. Rxc5 Rd8 35. Rxc7 Bd3 36. Bxf7+ Kh8 37. Bc4 Rd4 38. Bxd3 Rxd3 39. Qxd3 1-0

[Event "27e Open International Avoine"]
[Site "Espace culturel d'Avoine-37420"]
[Date "2012.07.27"]
[Round "7.32"]
[White "Navrotescu, Andreea-Cristiana"]
[Black "Caloone, Thomas"]
[Result "1-0"]
[WhiteElo "2100"]
[BlackElo "1660"]
[PlyCount "63"]
[EventDate "2012.??.??"]

1. d4 Nf6 2. Nf3 c5 3. c4 e6 4. Nc3 d5 5. cxd5 exd5 6. g3 h6 7. Bg2 Be6 8. O-O
Be7 9. h3 O-O 10. Be3 c4 11. Ne5 Qc8 12. Kh2 Rd8 13. f4 Nc6 14. g4 Bd6 15. Kh1
Ne4 16. Nxe4 dxe4 17. Nxc6 Qxc6 18. f5 Bd5 19. f6 g5 20. Qd2 Kh7 21. Rf5 Rg8
22. Raf1 Rg6 23. Qc2 Re8 24. Rxd5 Qxd5 25. Rf5 Qc6 26. d5 Qc7 27. Bxe4 Kh8 28.
Rf3 Rgg8 29. Bh7 Rgf8 30. h4 Re5 31. hxg5 Rfe8 32. Rh3 1-0

[Event "27e Open International Avoine"]
[Site "Espace culturel d'Avoine-37420"]
[Date "2012.07.27"]
[Round "7.33"]
[White "Rioland, Paul"]
[Black "Haussernot, Cecile"]
[Result "1-0"]
[WhiteElo "1749"]
[BlackElo "2099"]
[PlyCount "101"]
[EventDate "2012.??.??"]

1. e4 c5 2. Nf3 d6 3. d4 cxd4 4. Qxd4 a6 5. c4 Nc6 6. Qd3 g6 7. Nc3 Bg7 8. Be2
Bg4 9. O-O Nf6 10. Bg5 Nd7 11. Nd5 Bxf3 12. Qxf3 Nd4 13. Qd3 Ne5 14. Qd2 Nec6
15. Bd3 h6 16. Be3 e6 17. Nc3 f5 18. exf5 gxf5 19. Ne2 Qf6 20. Nxd4 Nxd4 21.
Rae1 Nc6 22. Bf4 O-O-O 23. b4 e5 24. b5 axb5 25. cxb5 Ne7 26. Rc1+ Kd7 27. Be3
Rc8 28. f4 e4 29. Bc4 Qb2 30. Rc2 Qa3 31. Bd4 Bxd4+ 32. Qxd4 Rhf8 33. Kh1 Rc5
34. Rd2 d5 35. Bb3 Rfc8 36. Rfd1 Qa5 37. Qg7 Ke8 38. Qh8+ Kd7 39. Qg7 Ke8 40.
Bxd5 Nxd5 41. Rxd5 Rxd5 42. Qg8+ Ke7 43. Qxd5 Rd8 44. Qe5+ Kf7 45. Qxf5+ Kg7
46. Qe5+ Kf7 47. Rc1 Qd2 48. Rc7+ Rd7 49. Qf5+ Kg8 50. Qe6+ Kh8 51. Qe8+ 1-0

[Event "27e Open International Avoine"]
[Site "Espace culturel d'Avoine-37420"]
[Date "2012.07.27"]
[Round "7.34"]
[White "Maillard, Julien"]
[Black "David, Vincent"]
[Result "0-1"]
[WhiteElo "1898"]
[BlackElo "2392"]
[PlyCount "42"]
[EventDate "2012.??.??"]

1. e4 c5 2. Nf3 e6 3. d4 cxd4 4. Nxd4 a6 5. Be3 Nf6 6. f3 Qc7 7. Bd3 d5 8. Nd2
Bc5 9. c3 O-O 10. Qe2 Nbd7 11. N4b3 Bd6 12. g3 Ne5 13. O-O-O b5 14. Kb1 Bb7 15.
Rhe1 Nc4 16. exd5 Nxe3 17. Qxe3 Nxd5 18. Qd4 Rfd8 19. Qh4 h6 20. Rc1 Be7 21.
Qg4 Nf6 0-1

[Event "27e Open International Avoine"]
[Site "Espace culturel d'Avoine-37420"]
[Date "2012.07.27"]
[Round "7.35"]
[White "Dorval, Olivier"]
[Black "Duhayon, Yves"]
[Result "1-0"]
[WhiteElo "1890"]
[BlackElo "2221"]
[PlyCount "83"]
[EventDate "2012.??.??"]

1. f4 d5 2. Nf3 Bg4 3. e3 Nd7 4. h3 Bxf3 5. Qxf3 c6 6. b3 e5 7. Bb2 Bd6 8. Qg3
Qf6 9. Be2 Qg6 10. Qxg6 hxg6 11. fxe5 Bxe5 12. Bxe5 Nxe5 13. Na3 Nf6 14. d3 O-O
15. Kd2 Rfd8 16. c3 a5 17. Nc2 c5 18. Kc1 Nc6 19. Bf3 Ne5 20. Be2 Nh5 21. Bxh5
gxh5 22. Rd1 Nc6 23. Kb2 Re8 24. Re1 Re6 25. Rad1 Rae8 26. d4 cxd4 27. exd4 b5
28. Rxe6 Rxe6 29. Re1 h4 30. Rxe6 fxe6 31. Ne1 Ne7 32. Nf3 Nf5 33. a4 bxa4 34.
b4 axb4 35. cxb4 Kf7 36. Ka3 Ke7 37. Kxa4 Kd7 38. Ka5 Kc7 39. Ka6 Kb8 40. b5 g5
41. b6 Ne7 42. Ne5 1-0

[Event "27e Open International Avoine"]
[Site "Espace culturel d'Avoine-37420"]
[Date "2012.07.27"]
[Round "7.37"]
[White "Nabavi, Parwis"]
[Black "Dupont, Arthur"]
[Result "1-0"]
[WhiteElo "2164"]
[BlackElo "1850"]
[PlyCount "31"]
[EventDate "2012.??.??"]

1. d4 d5 2. c4 e6 3. Nc3 c6 4. e4 Bb4 5. e5 Ne7 6. Nf3 O-O 7. Bd3 dxc4 8. Bxh7+
Kh8 9. Ng5 g6 10. Qf3 Nf5 11. Bxg6 Kg7 12. Bxf5 Qxd4 13. Nge4 Rh8 14. Bg6 Qd7
15. Bh5 Kf8 16. Bg5 1-0

[Event "27e Open International Avoine"]
[Site "Espace culturel d'Avoine-37420"]
[Date "2012.07.27"]
[Round "7.38"]
[White "Hutois, Mickael"]
[Black "Le Pen, Steven"]
[Result "1-0"]
[WhiteElo "2153"]
[BlackElo "1847"]
[PlyCount "77"]
[EventDate "2012.??.??"]

1. d4 Nf6 2. c4 c5 3. e3 g6 4. b3 Bg7 5. Bb2 O-O 6. Bd3 cxd4 7. exd4 d5 8. Nf3
Nc6 9. Nbd2 Ng4 10. c5 f6 11. h3 Nh6 12. O-O Qc7 13. Bb5 e5 14. dxe5 fxe5 15.
Re1 Nf7 16. Nf1 a6 17. Ba4 Be6 18. a3 Rad8 19. b4 Rfe8 20. Qe2 d4 21. Rad1 e4
22. Qxe4 Bd7 23. Qc2 Rxe1 24. Nxe1 Bf5 25. Qc4 Nce5 26. Qa2 d3 27. Bb3 Kf8 28.
f4 Nc6 29. Bxg7+ Kxg7 30. Qb2+ Kf8 31. g4 Be4 32. Qf6 Nd4 33. Bxf7 Ne2+ 34. Kf2
Qxf7 35. Qxd8+ Kg7 36. Nxd3 Nxf4 37. Qd4+ Kh6 38. Nxf4 Qxf4+ 39. Ke1 1-0

[Event "27e Open International Avoine"]
[Site "Espace culturel d'Avoine-37420"]
[Date "2012.07.27"]
[Round "7.39"]
[White "Beaugeard, Meddy"]
[Black "Salles, Louis"]
[Result "0-1"]
[WhiteElo "1873"]
[BlackElo "2147"]
[PlyCount "56"]
[EventDate "2012.??.??"]

1. Nf3 Nf6 2. g3 g6 3. Bg2 Bg7 4. d4 O-O 5. Nbd2 d5 6. O-O c6 7. Re1 Re8 8. Ne5
Na6 9. Ndf3 Ne4 10. Be3 f6 11. Nd3 e5 12. Qc1 Nd6 13. dxe5 fxe5 14. Nc5 e4 15.
Nh4 Nxc5 16. Bxc5 Nc4 17. b3 b6 18. bxc4 bxc5 19. f4 Bxa1 20. Qxa1 Ba6 21. Qc3
d4 22. Qa3 Qb6 23. c3 Rad8 24. Bh3 d3 25. exd3 exd3 26. Rxe8+ Rxe8 27. Qc1 Bxc4
28. f5 d2 0-1

[Event "27e Open International Avoine"]
[Site "Espace culturel d'Avoine-37420"]
[Date "2012.07.27"]
[Round "7.41"]
[White "Devallee, Jeremie"]
[Black "Danzanvilliers, Patrice"]
[Result "1-0"]
[WhiteElo "2106"]
[BlackElo "1830"]
[PlyCount "61"]
[EventDate "2012.??.??"]

1. e4 Nf6 2. e5 Nd5 3. d4 d6 4. Bc4 c6 5. Nf3 dxe5 6. Nxe5 g6 7. O-O Bg7 8. Bb3
O-O 9. c4 Nc7 10. Bf4 Ne6 11. Be3 c5 12. Nd3 cxd4 13. Bd2 Nd7 14. Bb4 b6 15. f4
Nec5 16. Bc2 Nxd3 17. Bxd3 Nc5 18. Bxc5 bxc5 19. f5 Bb7 20. Nd2 Qc7 21. Qg4 a5
22. Nf3 h5 23. Qh3 Qf4 24. Rae1 Bf6 25. fxg6 Qg4 26. gxf7+ Rxf7 27. Qxg4+ hxg4
28. Ne5 Rg7 29. Nd7 Bg5 30. Nxc5 Be3+ 31. Rxe3 1-0

[Event "27e Open International Avoine"]
[Site "Espace culturel d'Avoine-37420"]
[Date "2012.07.27"]
[Round "7.42"]
[White "Aubry, Yannis"]
[Black "Colandrea, Sauveur"]
[Result "1-0"]
[WhiteElo "2104"]
[BlackElo "1824"]
[PlyCount "65"]
[EventDate "2012.??.??"]

1. e4 Nf6 2. Nc3 e5 3. f4 d6 4. Nf3 Nbd7 5. d4 exd4 6. Qxd4 c6 7. Be3 d5 8.
exd5 Bc5 9. Qd3 Qe7 10. Nd4 Bxd4 11. Qxd4 Ng4 12. O-O-O O-O 13. Bg1 Nb6 14.
dxc6 bxc6 15. h3 Nf6 16. g4 Be6 17. Qd6 Qxd6 18. Rxd6 Nbd5 19. Rxc6 Nxc3 20.
Rxc3 Nd5 21. Rf3 Nb4 22. Rh2 Nxa2+ 23. Kb1 Rfd8 24. Rd3 Nb4 25. Rdd2 g6 26. Bd4
Re8 27. Bf2 Rab8 28. Bg2 Rb6 29. Bxb6 Ba2+ 30. Kc1 axb6 31. Bf3 Re1+ 32. Rd1
Re7 33. b3 1-0

[Event "27e Open International Avoine"]
[Site "Espace culturel d'Avoine-37420"]
[Date "2012.07.27"]
[Round "7.43"]
[White "Dubois, Marie"]
[Black "Peyre, Thomas"]
[Result "0-1"]
[WhiteElo "1815"]
[BlackElo "2072"]
[PlyCount "58"]
[EventDate "2012.??.??"]

1. d4 Nf6 2. c4 e6 3. Nc3 Bb4 4. e3 c5 5. Nf3 d5 6. Be2 Nc6 7. O-O O-O 8. a3
Bxc3 9. bxc3 dxc4 10. Bxc4 Qc7 11. Nd2 Rd8 12. Qf3 Na5 13. Ba2 Bd7 14. Qg3 Rac8
15. Bb2 cxd4 16. exd4 Bb5 17. Rfe1 Nd5 18. Qh4 Qf4 19. Qxf4 Nxf4 20. a4 Ba6 21.
Re3 Rc6 22. Rae1 Nc4 23. Bxc4 Bxc4 24. Nxc4 Rxc4 25. Rc1 Nd5 26. Rg3 Nb6 27. a5
Na4 28. Ba3 Rdc8 29. h3 Nxc3 0-1

[Event "27e Open International Avoine"]
[Site "Espace culturel d'Avoine-37420"]
[Date "2012.07.27"]
[Round "7.44"]
[White "Soyer, Jean-Yves"]
[Black "Dussert, Philippe"]
[Result "1/2-1/2"]
[WhiteElo "2056"]
[BlackElo "1813"]
[PlyCount "49"]
[EventDate "2012.??.??"]

1. Nf3 Nf6 2. c4 c5 3. Nc3 Nc6 4. d4 cxd4 5. Nxd4 e5 6. Ndb5 d6 7. Bg5 a6 8.
Bxf6 gxf6 9. Na3 f5 10. Nc2 Be6 11. e3 Bg7 12. Qd2 Qa5 13. Rb1 Nb4 14. Nxb4
Qxb4 15. Ne4 Qxd2+ 16. Nxd2 Rc8 17. Be2 O-O 18. O-O Rfd8 19. Rfc1 d5 20. Kf1
dxc4 21. Nxc4 b5 22. Na5 Bd5 23. Rxc8 Rxc8 24. Nb3 Bxb3 25. axb3 1/2-1/2

[Event "27e Open International Avoine"]
[Site "Espace culturel d'Avoine-37420"]
[Date "2012.07.27"]
[Round "7.45"]
[White "Oney, Remel"]
[Black "Delalande, Thierry"]
[Result "1/2-1/2"]
[WhiteElo "1814"]
[BlackElo "2055"]
[PlyCount "63"]
[EventDate "2012.??.??"]

1. d4 d5 2. c4 c6 3. Nc3 Nf6 4. e3 a6 5. Nf3 b5 6. b3 Bg4 7. Bd2 e6 8. h3 Bxf3
9. Qxf3 Nbd7 10. Bd3 Bd6 11. O-O O-O 12. g4 b4 13. Na4 e5 14. Qg2 e4 15. Bc2 a5
16. c5 Bc7 17. g5 Ne8 18. f3 f5 19. fxe4 fxe4 20. Rxf8+ Nxf8 21. Rf1 Ne6 22. h4
g6 23. Bd1 N8g7 24. Bg4 Qe7 25. Qh3 Rf8 26. Rxf8+ Kxf8 27. Be1 Qf7 28. Bg3 Bxg3
29. Qxg3 Nf5 30. Bxf5 Qxf5 31. Nb6 Kg7 32. Kg2 1/2-1/2

[Event "27e Open International Avoine"]
[Site "Espace culturel d'Avoine-37420"]
[Date "2012.07.27"]
[Round "7.46"]
[White "Auvray, Honorine"]
[Black "Garnier, Teddy"]
[Result "0-1"]
[WhiteElo "1813"]
[BlackElo "2055"]
[PlyCount "50"]
[EventDate "2012.??.??"]

1. e4 Nf6 2. e5 Nd5 3. d4 d6 4. c4 Nb6 5. exd6 cxd6 6. Nc3 g6 7. Be3 Bg7 8. Bd3
O-O 9. b3 Nc6 10. Nge2 e5 11. dxe5 dxe5 12. O-O h6 13. f4 exf4 14. Bxf4 Bxc3
15. Bxh6 Bg7 16. Bxg7 Kxg7 17. Nf4 Qd4+ 18. Kh1 Nb4 19. Qf3 Nxd3 20. Rad1 Bf5
21. Nxd3 Bg4 22. Ne5 Bxf3 23. Rxd4 Bc6 24. Rdf4 f6 25. Nxc6 bxc6 0-1

[Event "27e Open International Avoine"]
[Site "Espace culturel d'Avoine-37420"]
[Date "2012.07.27"]
[Round "7.48"]
[White "Jouhaneau, Jacques"]
[Black "De La Fontaine, Christophe"]
[Result "0-1"]
[WhiteElo "1794"]
[BlackElo "2035"]
[PlyCount "98"]
[EventDate "2012.??.??"]

1. c4 c5 2. Nc3 Nc6 3. Nf3 Nf6 4. g3 g6 5. Bg2 Bg7 6. d3 O-O 7. O-O d5 8. cxd5
Nxd5 9. Nxd5 Qxd5 10. a3 Qd6 11. Rb1 Rd8 12. Qc2 Bg4 13. h3 Bxf3 14. exf3 Qxd3
15. Qxd3 Rxd3 16. Be3 Bd4 17. Rfe1 Bxe3 18. fxe3 Rad8 19. f4 R8d6 20. Re2 b6
21. Kf2 c4 22. Rc1 Na5 23. Rcc2 Rb3 24. g4 b5 25. Be4 e6 26. Rcd2 Rxd2 27. Rxd2
c3 28. bxc3 Nc4 29. Rd7 Rxa3 30. Rd8+ Kg7 31. Bc6 a6 32. Bb7 a5 33. Bc6 Rxc3
34. Bxb5 Nxe3 35. Ra8 Nd5 36. Rxa5 Rc5 37. f5 exf5 38. gxf5 Nc7 39. f6+ Kxf6
40. Ra6+ Nxa6 41. Bxa6 Kg5 42. Be2 Rc2 43. Kf3 Kh4 44. Bf1 f5 45. Bg2 Kg5 46.
Bf1 Rc3+ 47. Kg2 Kf4 48. Bb5 Rc2+ 49. Kg1 Kg3 0-1

[Event "27e Open International Avoine"]
[Site "Espace culturel d'Avoine-37420"]
[Date "2012.07.27"]
[Round "7.49"]
[White "Fretel, Didier"]
[Black "Gros, Patrick"]
[Result "0-1"]
[WhiteElo "1777"]
[BlackElo "2032"]
[PlyCount "66"]
[EventDate "2012.??.??"]

1. d4 d6 2. c4 e5 3. Nc3 exd4 4. Qxd4 Nf6 5. Bg5 Be7 6. Nf3 Nc6 7. Qd2 O-O 8.
e3 a5 9. Be2 Be6 10. O-O Nd7 11. Bxe7 Nxe7 12. Nd4 Nc5 13. Nxe6 fxe6 14. Rad1
Rf6 15. Bf3 Ng6 16. Ne4 Nxe4 17. Bxe4 Ne5 18. Qc2 Rh6 19. h3 Nc6 20. f4 Qh4 21.
Qb3 Rf8 22. Qxb7 Ne7 23. Qxc7 Qg3 24. Rf3 Qh4 25. Qxd6 Nc8 26. Qd2 Rh5 27. Qf2
Qf6 28. g4 Rc5 29. g5 Qe7 30. Qc2 e5 31. Bxh7+ Kh8 32. Qg6 exf4 33. Qh5 Rxg5+
0-1

[Event "27e Open International Avoine"]
[Site "Espace culturel d'Avoine-37420"]
[Date "2012.07.27"]
[Round "7.50"]
[White "Derieux, Christian"]
[Black "Vekemans, Sylvain"]
[Result "1/2-1/2"]
[WhiteElo "2027"]
[BlackElo "1779"]
[PlyCount "146"]
[EventDate "2012.??.??"]

1. d4 Nf6 2. c4 e5 3. dxe5 Ng4 4. e3 Nxe5 5. Nh3 d6 6. Nf4 g5 7. Ne2 Bg4 8. f3
Nxf3+ 9. gxf3 Bxf3 10. Rg1 g4 11. Bg2 Qh4+ 12. Kf1 Qxh2 13. Bxf3 gxf3 14. Ng3
Qh3+ 15. Kf2 Qh2+ 16. Kf1 Qh3+ 17. Kf2 Qh2+ 18. Kxf3 Nc6 19. Rg2 Qh4 20. e4 Rg8
21. Nc3 O-O-O 22. Kf2 Bg7 23. Qh5 Bd4+ 24. Kf1 Qxh5 25. Nxh5 Rxg2 26. Kxg2 Rg8+
27. Kh3 Ne5 28. Ne2 Bb6 29. Bf4 Nxc4 30. b3 Nb2 31. Rf1 Nd3 32. Bg3 Nc5 33. Nc3
Ba5 34. Nd5 Rg5 35. Kh4 Nxe4 36. Ndf6 Nxg3 37. Nxg3 Rg6 38. Ng4 b5 39. Rxf7 h6
40. Rh7 Be1 41. Kh3 Bxg3 42. Kxg3 Kb7 43. Kf3 Kb6 44. Nxh6 a5 45. Nf5 c6 46.
Rh2 d5 47. Rc2 c5 48. Ne7 Rg5 49. Re2 c4 50. Kf4 Rh5 51. Kg4 Rh1 52. Nxd5+ Kc5
53. bxc4 bxc4 54. Ne7 Kd4 55. Nf5+ Kd3 56. Re3+ Kd2 57. Ra3 c3 58. Rxa5 c2 59.
Nd4 c1=Q 60. Nb3+ Kd3 61. Nxc1+ Rxc1 62. Kf5 Ra1 63. Ke5 Kc3 64. Ra8 Kb2 65. a4
Kb3 66. a5 Kb4 67. Rb8+ Kc5 68. Ra8 Kb5 69. Kd5 Rxa5 70. Rb8+ Ka4+ 71. Kc4 Rh5
72. Ra8+ Ra5 73. Rxa5+ Kxa5 1/2-1/2